[Event "4NCL Online Division 3"]
[Site "online"]
[Date "2021.02.09"]
[EventDate "2021.02.09"]
[Round "2.161"]
[White "John, Maxamillian"]
[WhiteElo "1923"]
[WhiteTeam "Catford Cosmonauts 3"]
[Black "Ye, Kevin"]
[BlackElo "1968"]
[BlackTeam "Manchester Juniors A"]
[Result "1-0"]
[PlyCount "77"]

1. d4 d5 2. Nf3 Nf6 3. e3 c5 4. b3 Nc6 5. Bb2 Bg4 6. Be2 e6 7. O-O Bd6 8. Nbd2 cxd4 9. exd4 Qc7 10. a3 h5 11. h3 Rh6 12. c4 Ne4 13. cxd5 exd5 14. Rc1 Bf4 15. Rc2 Re6 16. hxg4 hxg4 17. Ne5 Nxd2 18. Rxd2 Rh6 19. g3 Bxd2 20. Qxd2 f5 21. Re1 O-O-O 22. f3 Rdh8 23. fxg4 Nxe5 24. dxe5 Qb6+ 25. Bd4 Rh1+ 26. Kf2 R8h2+ 27. Kf3 Qxb3+ 28. Kf4 Rh3 29. Rxh1 Qxg3+ 30. Kxf5 Rxh1 31. Qc3+ Qxc3 32. Bxc3 Rh3 33. Bb4 d4 34. e6 d3 35. e7 Kd7 36. Bd1 b5 37. Kg6 Rh1 38. Bb3 Rf1 39. Bf7 1-0

[Event "4NCL Online Division 3"]
[Site "online"]
[Date "2021.02.09"]
[EventDate "2021.02.09"]
[Round "2.162"]
[White "Jackson, Edward"]
[WhiteElo "1752"]
[WhiteTeam "Manchester Juniors A"]
[Black "Oyvat, Cem"]
[BlackElo "1732"]
[BlackTeam "Catford Cosmonauts 3"]
[Result "1-0"]
[PlyCount "125"]

1. e4 c5 2. c3 e6 3. d4 d5 4. exd5 exd5 5. Nf3 Nc6 6. Bb5 Nf6 7. O-O cxd4 8. Nxd4 Bd7 9. Re1+ Be7 10. Be3 O-O 11. Nd2 Re8 12. h3 Rc8 13. N2f3 h6 14. Bf1 Bd6 15. Nxc6 bxc6 16. c4 Bb8 17. cxd5 cxd5 18. Rc1 Rxc1 19. Qxc1 Qc8 20. Qxc8 Rxc8 21. Nd4 Ne4 22. Ba6 Re8 23. Rc1 f5 24. Bb7 Nf6 25. Ne2 g5 26. Nc3 Be6 27. Bd4 Kf7 28. Bxf6 Kxf6 29. Bxd5 Rd8 30. Bxe6 Kxe6 31. Re1+ Kf6 32. Kf1 Bc7 33. Rc1 Bb6 34. Na4 Ba5 35. Rc6+ Kg7 36. Rc5 Rd1+ 37. Ke2 Rd2+ 38. Kf3 Rd3+ 39. Ke2 Rd2+ 40. Ke3 f4+ 41. Kf3 Bb4 42. Rc7+ Kg6 43. Rxa7 Rd3+ 44. Ke4 Rd2 45. Rb7 Bf8 46. Rb6+ Kg7 47. Kf5 Rxf2 48. Rb7+ Kg8 49. Nc3 f3 50. gxf3 Rxf3+ 51. Kg6 Rxh3 52. Ne4 Rf3 53. Nf6+ Rxf6+ 54. Kxf6 g4 55. Rd7 g3 56. Rd3 Bg7+ 57. Kg6 Kf8 58. Rf3+ Kg8 59. Rxg3 Bxb2 60. Rb3 Bg7 61. a4 Bf8 62. a5 h5 63. a6 1-0

[Event "4NCL Online Division 3"]
[Site "online"]
[Date "2021.02.09"]
[EventDate "2021.02.09"]
[Round "2.163"]
[White "Sedykh, Stakhey"]
[WhiteElo "1704"]
[WhiteTeam "Catford Cosmonauts 3"]
[Black "Gardiner, Ethan"]
[BlackElo "1782"]
[BlackTeam "Manchester Juniors A"]
[Result "1/2-1/2"]
[PlyCount "42"]

1. e4 e5 2. Nf3 Nc6 3. Bb5 a6 4. Ba4 Nf6 5. O-O b5 6. Bb3 Be7 7. Re1 d6 8. c3 O-O 9. d4 Bb7 10. Nbd2 Re8 11. Nf1 Bf8 12. Ng3 Na5 13. Bc2 g6 14. Bg5 Be7 15. dxe5 dxe5 16. Nxe5 Qxd1 17. Raxd1 Ng4 18. Bxe7 Nxe5 19. Bf6 Nac4 20. Bxe5 Nxe5 21. b3 Rad8 1/2-1/2

[Event "4NCL Online Division 3"]
[Site "online"]
[Date "2021.02.09"]
[EventDate "2021.02.09"]
[Round "2.164"]
[White "Jayawarna, Tarini"]
[WhiteElo "1709"]
[WhiteTeam "Manchester Juniors A"]
[Black "Kizilay, Huseyin Gokhan"]
[BlackElo "1702"]
[BlackTeam "Catford Cosmonauts 3"]
[Result "0-1"]
[PlyCount "102"]

1. e4 c6 2. d4 d6 3. Nc3 g6 4. Nge2 Bg7 5. Be3 Nf6 6. f3 a5 7. Qd2 a4 8. O-O-O a3 9. b3 Na6 10. Kb1 Bd7 11. g4 b5 12. Ng3 b4 13. Nce2 Rb8 14. Nf4 Nc7 15. h4 e5 16. dxe5 dxe5 17. Nd3 O-O 18. h5 Ncd5 19. exd5 Nxd5 20. Ne2 Be6 21. Bh6 Qf6 22. Bg5 Qxf3 23. Bh3 Nc3+ 24. Nxc3 bxc3 25. Qg2 Qxg2 26. Bxg2 Bxg4 27. Rde1 Bxh5 28. Bxc6 Rb6 29. Bd5 h6 30. Bh4 Kh7 31. Nxe5 Rb5 32. Nd7 Rxd5 33. Nxf8+ Bxf8 34. Bf6 Bg7 35. Be7 Bg4 36. Rh2 Be5 37. Rg2 h5 38. Bxa3 g5 39. Be7 Kg6 40. a4 f5 41. b4 f4 42. Bc5 f3 43. Rf2 Bg3 44. b5 Rxc5 45. b6 Rc4 46. Ka2 Rb4 47. Rxf3 Bxf3 48. Re3 Bd5+ 49. Ka3 Bd6 50. Rxc3 Rxb6+ 51. Rc5 Bxc5# 0-1

[Event "4NCL Online Division 3"]
[Site "online"]
[Date "2021.02.23"]
[EventDate "2021.02.23"]
[Round "3.11"]
[White "Fisher, Neal"]
[WhiteElo "1902"]
[WhiteTeam "Chessmates"]
[Black "Hill, Jonathan S"]
[BlackElo "1983"]
[BlackTeam "Urmston"]
[Result "1-0"]
[PlyCount "165"]

1. d4 Nf6 2. Bf4 g6 3. Nf3 Bg7 4. e3 d6 5. Bd3 O-O 6. Nbd2 c5 7. h3 b6 8. c3 Ba6 9. Qc2 Bxd3 10. Qxd3 Nbd7 11. Qe2 Qc7 12. Bg3 Qb7 13. O-O b5 14. a3 a5 15. b4 axb4 16. cxb4 cxb4 17. axb4 Nd5 18. Ra5 Rab8 19. Rfa1 Nxb4 20. Rb1 Qb6 21. Ra3 Nd5 22. Rab3 Qa6 23. e4 Nc7 24. e5 d5 25. e6 Nxe6 26. Bxb8 Rxb8 27. Rxb5 Rxb5 28. Qxb5 Qd6 29. Qb4 Qxb4 30. Rxb4 h6 31. Rb7 Nef8 32. Nb3 Bf6 33. Nc5 Nxc5 34. dxc5 e5 35. c6 Ne6 36. c7 Nxc7 37. Rxc7 e4 38. Nd2 Bg5 39. Nb3 e3 40. fxe3 Bxe3+ 41. Kf1 f5 42. Ke2 Bg5 43. Rd7 Bf6 44. Rxd5 Kf7 45. Kf3 Ke6 46. Rb5 g5 47. Rb6+ Ke5 48. Nd2 Bg7 49. Rb7 Bf8 50. Rd7 h5 51. Nc4+ Ke6 52. Rd8 g4+ 53. hxg4 hxg4+ 54. Kf4 Bh6+ 55. Kg3 Bc1 56. Rd6+ Ke7 57. Rd1 Bh6 58. Re1+ Kf6 59. Nd6 Bf8 60. Ne8+ Kg5 61. Rf1 Bc5 62. Kh2 f4 63. Ng7 g3+ 64. Kh3 Be3 65. Ne6+ Kf5 66. Ng7+ Kg6 67. Ne6 Kf5 68. Nc7 Kg5 69. Nd5 Bd2 70. Rd1 Ba5 71. Ne7 Kf6 72. Nc6 Bc7 73. Kg4 Ke6 74. Nd4+ Ke5 75. Ne2 Ke4 76. Rd7 Bb8 77. Rf7 Ke3 78. Nxf4 Kf2 79. Kh3 Bd6 80. Nh5+ Kg1 81. Nxg3 Bf4 82. Ne2+ Kh1 83. Nxf4 1-0

[Event "4NCL Online Division 3"]
[Site "online"]
[Date "2021.02.23"]
[EventDate "2021.02.23"]
[Round "3.12"]
[White "Constantine, Marc"]
[WhiteElo "1774"]
[WhiteTeam "Urmston"]
[Black "Tomlinson, Zak"]
[BlackElo "1803"]
[BlackTeam "Chessmates"]
[Result "0-1"]
[PlyCount "100"]

1. d4 Nf6 2. c4 g6 3. Nc3 d5 4. cxd5 Nxd5 5. e4 Nxc3 6. bxc3 Bg7 7. Bc4 O-O 8. Ne2 c5 9. O-O cxd4 10. cxd4 Nc6 11. Be3 a6 12. Rc1 Bd7 13. Qd2 b5 14. Bd5 Rc8 15. Bxc6 Rxc6 16. Rxc6 Bxc6 17. d5 Bb7 18. Qc2 Qd7 19. Rc1 Rc8 20. Qd2 Rxc1+ 21. Qxc1 e6 22. dxe6 Qxe6 23. Qc7 Qxe4 24. Qd8+ Bf8 25. Qg5 h6 26. Qg3 Qb1+ 27. Nc1 Qc2 28. h3 Qd1+ 29. Kh2 Bd6 30. Bf4 Bxf4 31. Qxf4 Qd5 32. Qg3 a5 33. Nd3 b4 34. Nf4 Qd6 35. Nh5 Qxg3+ 36. Nxg3 Bd5 37. Kg1 Bxa2 38. Ne4 b3 39. Nd2 b2 40. Kf1 b1=Q+ 41. Nxb1 Bxb1 42. Ke1 a4 43. Kd2 Be4 44. g3 a3 45. Kc3 a2 46. Kb2 Bd5 47. f3 Kg7 48. f4 g5 49. fxg5 hxg5 50. Ka1 f5 0-1

[Event "4NCL Online Division 3"]
[Site "online"]
[Date "2021.02.23"]
[EventDate "2021.02.23"]
[Round "3.13"]
[White "Webster, Vivien"]
[WhiteElo "1675"]
[WhiteTeam "Chessmates"]
[Black "Robinson, Alex"]
[BlackElo "1605"]
[BlackTeam "Urmston"]
[Result "1-0"]
[PlyCount "83"]

1. e4 e6 2. Nf3 d5 3. exd5 exd5 4. h3 Bd6 5. d4 Ne7 6. Bd3 Nbc6 7. O-O Be6 8. c3 Qd7 9. a4 f6 10. Na3 g5 11. Nh2 h5 12. Nb5 Bxh2+ 13. Kxh2 g4 14. h4 a6 15. Na3 O-O-O 16. g3 Bf5 17. Bf4 Ng6 18. Be3 Nce7 19. b4 Qd6 20. b5 a5 21. c4 Nxh4 22. c5 Nf3+ 23. Kg2 Qe6 24. b6 cxb6 25. cxb6 Qxb6 26. Rc1+ Kb8 27. Bf4+ Ka8 28. Bxf5 Nxf5 29. Nb5 Rc8 30. Rxc8+ Rxc8 31. Qb1 N5xd4 32. Nc7+ Ka7 33. Qxb6+ Kxb6 34. Nxd5+ Kc5 35. Rc1+ Kxd5 36. Rxc8 h4 37. gxh4 Nxh4+ 38. Kg3 Nhf5+ 39. Kxg4 b6 40. Be3 Nd6 41. Rd8 Kc5 42. Bxd4+ 1-0

[Event "4NCL Online Division 3"]
[Site "online"]
[Date "2021.02.23"]
[EventDate "2021.02.23"]
[Round "3.14"]
[White "Bellis, Dave"]
[WhiteElo "1430"]
[WhiteTeam "Urmston"]
[Black "Duffell, Andrew"]
[BlackElo "1613"]
[BlackTeam "Chessmates"]
[Result "1/2-1/2"]
[PlyCount "146"]

1. d4 Nf6 2. e3 d5 3. Bd3 c5 4. c3 Nc6 5. f4 e6 6. Nd2 Bd6 7. Ngf3 cxd4 8. cxd4 O-O 9. O-O a6 10. a3 b5 11. Qe1 Bb7 12. Ne5 Be7 13. Rf3 Nxe5 14. fxe5 Ne4 15. Rh3 f5 16. exf6 Rxf6 17. Nf3 Qf8 18. Ne5 h6 19. Nd7 Qf7 20. Nxf6+ Bxf6 21. Bxe4 dxe4 22. Qg3 h5 23. Qf2 Rf8 24. Bd2 Qe8 25. Qe2 h4 26. Rf1 Bd5 27. Qg4 e5 28. dxe5 Be6 29. Qxe4 Bxh3 30. gxh3 Bd8 31. Rxf8+ Qxf8 32. Qd5+ Kh7 33. Qe4+ Kg8 34. Qf4 Qe8 35. Bb4 Be7 36. Bxe7 Qxe7 37. b4 Qd8 38. Qd4 Qg5+ 39. Kh1 Qf5 40. Kg2 Qc2+ 41. Kf3 Qf5+ 42. Qf4 Qh5+ 43. Qg4 Qxe5 44. Qxh4 Qxh2 45. Qd8+ Kh7 46. Qd3+ Kg8 47. Qd8+ Kh7 48. Qh4+ Kg8 49. e4 Qh1+ 50. Kf4 Qf1+ 51. Kg5 Qf6+ 52. Kg4 Qg6+ 53. Kf4 Qd6+ 54. Kf5 Qd7+ 55. Kf4 Qd6+ 56. Kg5 Qe5+ 57. Kg6 Qe6+ 58. Kg5 Qe5+ 59. Kg6 Qe6+ 60. Kg5 Qe7+ 61. Kg4 Qxe4+ 62. Kg3 Qe1+ 63. Kg4 Qxh4+ 64. Kxh4 Kf8 65. Kg4 Ke8 66. Kf5 Kf7 67. h4 g6+ 68. Ke5 Ke7 69. Kf4 Kf6 70. Ke4 Ke6 71. Kf4 Kf6 72. Ke4 Ke6 73. Kf4 Kf6 1/2-1/2

[Event "4NCL Online Division 3"]
[Site "online"]
[Date "2021.02.23"]
[EventDate "2021.02.23"]
[Round "3.21"]
[White "Singh, Amrik J"]
[WhiteElo "1936"]
[WhiteTeam "Warley Mighty Quins"]
[Black "Moore, Eoin"]
[BlackElo "1749"]
[BlackTeam "Kent KJCA Kestrels D"]
[Result "0-1"]
[PlyCount "92"]

1. e4 e6 2. f4 d5 3. e5 c5 4. c3 Nc6 5. d3 Nge7 6. Nf3 Nf5 7. Be2 Be7 8. O-O O-O 9. Na3 a6 10. Nc2 b5 11. Qe1 Bb7 12. Qf2 d4 13. Bd2 Rc8 14. Rad1 h5 15. Be1 h4 16. Nd2 h3 17. g4 Bh4 18. Qf3 dxc3 19. bxc3 Ncd4 20. Qxb7 Nxe2+ 21. Kh1 Nxc3 22. Ra1 Bxe1 23. Nxe1 Ne3 24. Rf3 Nxg4 25. Ne4 Nxe4 26. Qxe4 Qd4 27. Qxd4 cxd4 28. Kg1 Ne3 29. Rxh3 Nc2 30. Rd1 Nxe1 31. Rxe1 Rc2 32. Re4 Rfc8 33. Rxd4 Rxa2 34. Rf3 Rc1+ 35. Rf1 Rcc2 36. Rf3 Rg2+ 37. Kf1 Rxh2 38. Kg1 Rhg2+ 39. Kh1 Kf8 40. f5 Rgf2 41. Rxf2 Rxf2 42. fxe6 fxe6 43. Rd6 b4 44. Rxa6 b3 45. Rb6 b2 46. Kg1 Rc2 0-1

[Event "4NCL Online Division 3"]
[Site "online"]
[Date "2021.02.23"]
[EventDate "2021.02.23"]
[Round "3.22"]
[White "Dorman, Orla"]
[WhiteElo "1748"]
[WhiteTeam "Kent KJCA Kestrels D"]
[Black "Turner, Jon"]
[BlackElo "1838"]
[BlackTeam "Warley Mighty Quins"]
[Result "1-0"]
[PlyCount "121"]

1. e4 d5 2. exd5 Qxd5 3. Nf3 Nf6 4. Nc3 Qa5 5. Bc4 c6 6. d4 Bg4 7. O-O e6 8. h3 Bh5 9. Qd3 Bg6 10. Qd2 Nbd7 11. Bb3 Be7 12. Ne4 Qc7 13. Nxf6+ Nxf6 14. c3 Ne4 15. Qe3 O-O 16. Bc2 Nf6 17. Bxg6 hxg6 18. Bd2 Rad8 19. Rad1 Rd5 20. Rfe1 Rh5 21. Qd3 Bd6 22. Re2 Nd5 23. Rde1 Bf4 24. c4 Nf6 25. Bxf4 Qxf4 26. Qd2 Qc7 27. Re5 Rd8 28. Qc3 Rf5 29. Rxf5 gxf5 30. Rd1 Qf4 31. Qe3 Qxe3 32. fxe3 c5 33. Kf2 Ne4+ 34. Ke2 cxd4 35. Rxd4 Rxd4 36. exd4 Kf8 37. Nd2 Ke7 38. Nxe4 fxe4 39. Ke3 f5 40. Kf4 g5+ 41. Ke3 Kd6 42. g3 Ke7 43. h4 f4+ 44. gxf4 gxh4 45. Kxe4 Kf6 46. Kf3 Kf5 47. d5 exd5 48. cxd5 b5 49. b4 a6 50. d6 Ke6 51. Kg4 Kxd6 52. Kxh4 Ke6 53. Kg4 Kf6 54. f5 Kg7 55. Kg5 Kf7 56. f6 Kf8 57. Kf5 Kf7 58. Ke5 Kf8 59. Ke6 Ke8 60. f7+ Kf8 61. a3 1-0

[Event "4NCL Online Division 3"]
[Site "online"]
[Date "2021.02.23"]
[EventDate "2021.02.23"]
[Round "3.23"]
[White "Emery, Ian"]
[WhiteElo "1825"]
[WhiteTeam "Warley Mighty Quins"]
[Black "Ratnesan, Radha"]
[BlackElo "1729"]
[BlackTeam "Kent KJCA Kestrels D"]
[Result "1-0"]
[PlyCount "81"]

1. e4 e6 2. d4 d5 3. Nd2 Nf6 4. e5 Nfd7 5. Bd3 c5 6. c3 Nc6 7. Ne2 Be7 8. O-O O-O 9. f4 f6 10. Nf3 cxd4 11. cxd4 Qc7 12. Qc2 f5 13. g4 Nb6 14. Ng3 g6 15. gxf5 exf5 16. Kh1 Kh8 17. Bd2 Qd7 18. a3 Qd8 19. Rae1 Be6 20. Be3 Rc8 21. Qg2 Na5 22. Ng5 Bxg5 23. fxg5 Qe7 24. h4 Bf7 25. h5 Qe6 26. Ne2 Nac4 27. Nf4 Qc6 28. hxg6 Bxg6 29. Qh3 Kg8 30. e6 Rce8 31. Qh6 Re7 32. Bc1 Nc8 33. Rf2 Rg7 34. Rh2 Ne7 35. b3 Nd6 36. Rc2 Qb6 37. Be3 Qxb3 38. Rc7 Ndc8 39. Rec1 Qxa3 40. Nxd5 Nxd5 41. Qxg7# 1-0

[Event "4NCL Online Division 3"]
[Site "online"]
[Date "2021.02.23"]
[EventDate "2021.02.23"]
[Round "3.24"]
[White "Chaban, Roxolana"]
[WhiteElo "1686"]
[WhiteTeam "Kent KJCA Kestrels D"]
[Black "Moxley, Stephen"]
[BlackElo "1719"]
[BlackTeam "Warley Mighty Quins"]
[Result "1/2-1/2"]
[PlyCount "111"]

1. e4 e6 2. d4 d5 3. Nd2 Nf6 4. e5 Nfd7 5. Bd3 c5 6. c3 Nc6 7. Ne2 cxd4 8. cxd4 Qb6 9. Nf3 f5 10. exf6 Nxf6 11. O-O Be7 12. Re1 O-O 13. Nf4 Nd8 14. b3 Bb4 15. Bd2 Bxd2 16. Qxd2 Qd6 17. Rac1 Ng4 18. Ne5 Nxe5 19. dxe5 Qe7 20. Rc2 Nc6 21. a4 a6 22. Rb2 Qf7 23. Nh3 h6 24. Bb1 Ne7 25. Qc2 g5 26. f3 Bd7 27. Nf2 Rac8 28. Qd3 h5 29. h3 b5 30. axb5 Bxb5 31. Qd2 Qf4 32. Qxf4 Rxf4 33. Bd3 Nc6 34. Bxb5 axb5 35. Nd3 Rf5 36. Rc2 Rff8 37. Rec1 Ne7 38. Rxc8 Rxc8 39. Rxc8+ Nxc8 40. Kf2 Kf7 41. Nc5 Ne7 42. Ke3 Nf5+ 43. Kf2 Nd4 44. g3 Nc6 45. f4 b4 46. Kf3 Nd4+ 47. Ke3 Nf5+ 48. Kf2 gxf4 49. gxf4 Nd4 50. Ke3 Nf5+ 51. Kf3 Ke7 52. Kf2 Nd4 53. Ke3 Nf5+ 54. Kf2 Nd4 55. Ke3 Nf5+ 56. Kf2 1/2-1/2

[Event "4NCL Online Division 3"]
[Site "online"]
[Date "2021.02.23"]
[EventDate "2021.02.23"]
[Round "3.31"]
[White "George, Ian M"]
[WhiteElo "1904"]
[WhiteTeam "Camborne Trevithick"]
[Black "Hooker, Steve"]
[BlackElo "1952"]
[BlackTeam "Dorking Casuals"]
[Result "0-1"]
[PlyCount "64"]

1. e4 c5 2. Nf3 d6 3. Bb5+ Nd7 4. d4 cxd4 5. Qxd4 Nf6 6. Nc3 a6 7. Bxd7+ Bxd7 8. O-O g6 9. Be3 Bg7 10. Qd2 Ng4 11. Bg5 O-O 12. h3 Nf6 13. Bh6 Rc8 14. Bxg7 Kxg7 15. Rfe1 Bc6 16. Nd5 e6 17. Nxf6 Qxf6 18. c3 Qe7 19. Rad1 Rcd8 20. Qe3 e5 21. Nd2 f5 22. f3 f4 23. Qe2 g5 24. Kf2 h5 25. Rh1 Bd7 26. Rdg1 Be6 27. c4 b5 28. b3 Qa7+ 29. Ke1 bxc4 30. Nxc4 Bxc4 31. Qxc4 Rc8 32. Qd3 Rc1+ 0-1

[Event "4NCL Online Division 3"]
[Site "online"]
[Date "2021.02.23"]
[EventDate "2021.02.23"]
[Round "3.32"]
[White "Herman, Thomas"]
[WhiteElo "1841"]
[WhiteTeam "Dorking Casuals"]
[Black "Morgan, Jamie"]
[BlackElo "1864"]
[BlackTeam "Camborne Trevithick"]
[Result "1/2-1/2"]
[PlyCount "112"]

1. e4 c5 2. Nf3 g6 3. c3 d5 4. exd5 Qxd5 5. d4 Bg7 6. Na3 cxd4 7. Nxd4 Nf6 8. Qf3 Qxf3 9. Nxf3 O-O 10. Be3 Nc6 11. Bc4 a6 12. Nc2 b5 13. Be2 Bb7 14. O-O-O Ne4 15. Rhe1 Rac8 16. Rd7 Nd6 17. Nfd4 Rfd8 18. Rxd8+ Nxd8 19. Bf3 Bxf3 20. Nxf3 Nc6 21. Kd1 Nc4 22. Bc1 Rd8+ 23. Ke2 e5 24. Ne3 Nxe3 25. Bxe3 b4 26. Rd1 Rxd1 27. Kxd1 bxc3 28. bxc3 Kf8 29. Kc2 Ke8 30. Kb3 f5 31. Kc4 Kd7 32. Bb6 Bf8 33. Kd5 e4 34. Nd2 Bg7 35. Nb3 Ne7+ 36. Kc4 Kc6 37. Bd4 Bxd4 38. cxd4 Nd5 39. Na5+ Kd6 40. Nb7+ Kc6 41. Nc5 Nb6+ 42. Kb4 Nd5+ 43. Kc4 Nc7 44. a4 Kd6 45. a5 Kc6 46. d5+ Nxd5 47. Nxa6 Nf4 48. Nb4+ Kb7 49. Kb5 Nd3 50. a6+ Ka8 51. Nd5 Ne5 52. Kb6 Nd7+ 53. Kc6 Nb8+ 54. Kb6 Nd7+ 55. Kc6 Nb8+ 56. Kb6 Nd7+ 1/2-1/2

[Event "4NCL Online Division 3"]
[Site "online"]
[Date "2021.02.23"]
[EventDate "2021.02.23"]
[Round "3.33"]
[White "Rodrigo, Y Jan"]
[WhiteElo "1799"]
[WhiteTeam "Camborne Trevithick"]
[Black "Buckley, Keith"]
[BlackElo "1616"]
[BlackTeam "Dorking Casuals"]
[Result "0-1"]
[PlyCount "68"]

1. d4 Nf6 2. Nc3 d6 3. Bf4 Nbd7 4. Nf3 c6 5. e4 Qc7 6. e5 Nd5 7. exd6 exd6 8. Nxd5 cxd5 9. Bd3 Nf6 10. O-O Be7 11. Re1 O-O 12. Rc1 Be6 13. Ng5 Bg4 14. f3 Bh5 15. Qd2 Bg6 16. c4 Qd7 17. Bxg6 hxg6 18. Nh3 Rfe8 19. Qb4 Nh5 20. Bd2 Nf6 21. Nf4 dxc4 22. d5 b5 23. a4 a6 24. b3 cxb3 25. axb5 axb5 26. h4 Nh7 27. Qxb3 Bxh4 28. Rxe8+ Rxe8 29. Kf1 Qa7 30. Nd3 Qe7 31. Nf4 g5 32. Ne6 fxe6 33. dxe6 Qxe6 34. Qxe6+ Rxe6 0-1

[Event "4NCL Online Division 3"]
[Site "online"]
[Date "2021.02.23"]
[EventDate "2021.02.23"]
[Round "3.34"]
[White "Davies, Will"]
[WhiteElo "1518"]
[WhiteTeam "Dorking Casuals"]
[Black "Healey, Grant"]
[BlackElo "1872"]
[BlackTeam "Camborne Trevithick"]
[Result "0-1"]
[PlyCount "130"]

1. e4 d5 2. d4 dxe4 3. f3 exf3 4. Nxf3 Nf6 5. Be3 Bg4 6. h3 Bh5 7. g4 Bg6 8. Nc3 e6 9. Ne5 Bb4 10. Nxg6 hxg6 11. Qf3 Nd5 12. O-O-O Nxc3 13. bxc3 Ba3+ 14. Kb1 c6 15. Bc4 a5 16. Rdf1 Rf8 17. Bc1 Qb6+ 18. Bb3 Bxc1 19. Kxc1 a4 20. Bxe6 Qc7 21. Bc4 b5 22. Re1+ Kd8 23. Bd3 Qd6 24. Be4 Kc7 25. Rhf1 Nd7 26. Bd3 Qa3+ 27. Kd2 Nf6 28. Be4 Nxe4+ 29. Qxe4 Qxa2 30. Qe7+ Kb6 31. Qc5+ Ka5 32. Qxc6 Rfc8 33. Qf3 Ra7 34. Rb1 Qc4 35. Rb4 Qc6 36. Rfb1 Rb7 37. d5 Qc5 38. Rd4 Rd7 39. Qd3 Rcd8 40. c4 b4 41. Kc1 Rd6 42. Kb2 Rb8 43. Ka2 b3+ 44. cxb3 axb3+ 45. Kb2 Ka6 46. Ra1+ Kb7 47. Rf4 Rd7 48. Qc3 f6 49. Ra3 g5 50. Rxb3+ Kc8 51. Rxb8+ Kxb8 52. Rf1 Rb7+ 53. Kc2 Ra7 54. Rb1+ Kc8 55. Kd3 Re7 56. Re1 Ra7 57. Re8+ Kd7 58. Qe1 Ra3+ 59. Kc2 Qxc4+ 60. Kd2 Rd3+ 61. Ke2 Kxe8 62. Kf1+ Kd8 63. Qa5+ Kd7 64. Qa7+ Kd6 65. Qb6+ Kxd5 0-1

[Event "4NCL Online Division 3"]
[Site "online"]
[Date "2021.02.23"]
[EventDate "2021.02.23"]
[Round "3.41"]
[White "Barker, Luke"]
[WhiteElo "1826"]
[WhiteTeam "Phones Pals"]
[Black "Yogit, Senthilnathan"]
[BlackElo "2166"]
[BlackTeam "Uxbridge A Cults"]
[Result "0-1"]
[PlyCount "80"]

1. d4 Nf6 2. Nf3 e6 3. Bf4 b6 4. e3 Be7 5. h3 O-O 6. Bd3 Bb7 7. Nbd2 c5 8. c3 d6 9. Qe2 cxd4 10. cxd4 Nc6 11. O-O Nb4 12. Bb5 a6 13. Ba4 b5 14. Bb3 Ne4 15. a3 Nxd2 16. Nxd2 Nd5 17. Bg3 Qb6 18. Rfe1 Rac8 19. e4 Nf6 20. Qd3 d5 21. e5 Ne4 22. Nxe4 dxe4 23. Qe3 Rfd8 24. Red1 Rd7 25. Rd2 Rcd8 26. Rad1 f5 27. exf6 Bxf6 28. Qf4 Rxd4 29. Rxd4 Bxd4 30. Qg4 Bd5 31. Bc2 Rf8 32. Rf1 e3 33. Qh5 exf2+ 34. Kh1 g6 35. Bxg6 hxg6 36. Qxg6+ Bg7 37. Be5 Qb7 38. h4 Bxg2+ 39. Kh2 Bxf1 40. Qxe6+ Kh7 0-1

[Event "4NCL Online Division 3"]
[Site "online"]
[Date "2021.02.23"]
[EventDate "2021.02.23"]
[Round "3.42"]
[White "Sudhan, Hari Hara"]
[WhiteElo "2120"]
[WhiteTeam "Uxbridge A Cults"]
[Black "McShane, James"]
[BlackElo "1200"]
[BlackTeam "Phones Pals"]
[Result "1-0"]
[PlyCount "71"]

1. Nf3 Nf6 2. c4 g6 3. Nc3 Bg7 4. e4 d6 5. d4 O-O 6. Be2 Nbd7 7. O-O e5 8. Bg5 h6 9. Bh4 g5 10. Bg3 Nh5 11. dxe5 dxe5 12. Qc2 Nf4 13. Rad1 c6 14. Rd6 Re8 15. Rfd1 Bf8 16. R6d2 Qe7 17. Bxf4 gxf4 18. b4 a6 19. b5 axb5 20. cxb5 Nc5 21. Rc1 Bd7 22. h3 Rac8 23. bxc6 Bxc6 24. Nd5 Bxd5 25. Rxd5 Qe6 26. Rcd1 Qg6 27. Nxe5 Qxe4 28. Qxe4 Nxe4 29. Bh5 Rc7 30. Nd7 Bg7 31. Rf5 Ng5 32. Rxf4 Be5 33. Nxe5 Rxe5 34. Bg4 Rce7 35. Rb4 f5 36. Bh5 1-0

[Event "4NCL Online Division 3"]
[Site "online"]
[Date "2021.02.23"]
[EventDate "2021.02.23"]
[Round "3.43"]
[White "New, David"]
[WhiteElo "1193"]
[WhiteTeam "Phones Pals"]
[Black "Symonds, Richard H"]
[BlackElo "1990"]
[BlackTeam "Uxbridge A Cults"]
[Result "0-1"]
[PlyCount "96"]

1. d4 d6 2. Bf4 Nd7 3. Nf3 g6 4. e4 Bg7 5. c3 e5 6. Be3 Ngf6 7. Bd3 O-O 8. h3 d5 9. Nbd2 Re8 10. dxe5 Nxe4 11. Nxe4 dxe4 12. Bxe4 Nxe5 13. Nxe5 Bxe5 14. Qxd8 Rxd8 15. O-O Be6 16. a3 f5 17. f4 Bf6 18. Bc2 b6 19. Rad1 c5 20. Rxd8+ Rxd8 21. Rd1 Rxd1+ 22. Bxd1 Bd5 23. g4 Kf7 24. g5 Bg7 25. Kf2 Ke6 26. Bc1 Kd6 27. Ke3 b5 28. a4 a6 29. axb5 axb5 30. Be2 c4 31. Bf3 Bxf3 32. Kxf3 Kd5 33. Be3 b4 34. Bd2 bxc3 35. Bxc3 Bf8 36. h4 Bc5 37. h5 gxh5 38. Kg3 Ke4 39. Be5 Bd4 40. Bf6 Be3 41. Be5 h4+ 42. Kxh4 Bxf4 43. Bc3 Be5 44. Bxe5 Kxe5 45. Kg3 Ke4 46. Kh4 Kf4 47. Kh5 Kg3 48. Kh6 Kg4 0-1

[Event "4NCL Online Division 3"]
[Site "online"]
[Date "2021.02.23"]
[EventDate "2021.02.23"]
[Round "3.44"]
[White "Kamath, Raghu"]
[WhiteElo "1900"]
[WhiteTeam "Uxbridge A Cults"]
[Black "Munshi, Aryan"]
[BlackElo "1148"]
[BlackTeam "Phones Pals"]
[Result "1-0"]
[PlyCount "72"]

1. e4 e5 2. f4 exf4 3. Nf3 Ne7 4. d4 d5 5. Nc3 dxe4 6. Nxe4 Bf5 7. Bd3 Nd5 8. c3 Be7 9. O-O O-O 10. Qb3 Nb6 11. Bxf4 Be6 12. Qc2 Bc4 13. Neg5 Bxd3 14. Qxd3 g6 15. h4 Nd5 16. Bd2 Nc6 17. h5 h6 18. Ne6 fxe6 19. Qxg6+ Kh8 20. Qxh6+ Kg8 21. Qxe6+ Kh8 22. Qh6+ Kg8 23. Qg6+ Kh8 24. Ng5 Bxg5 25. Bxg5 Qd6 26. c4 Qxg6 27. hxg6 Nb6 28. Bf6+ Kg8 29. d5 Na5 30. b3 Nd7 31. Bc3 b6 32. g7 Rxf1+ 33. Rxf1 Nb7 34. Rf3 Nd8 35. Rh3 Nf7 36. Rh8+ Nxh8 1-0

[Event "4NCL Online Division 3"]
[Site "online"]
[Date "2021.02.23"]
[EventDate "2021.02.23"]
[Round "3.51"]
[White "Williams, David"]
[WhiteElo "1896"]
[WhiteTeam "Ashfield Anonymous B"]
[Black "Conterno, Dominique"]
[BlackElo "2007"]
[BlackTeam "Downend 2"]
[Result "0-1"]
[PlyCount "74"]

1. d4 Nf6 2. Bf4 g6 3. e3 Bg7 4. Nf3 O-O 5. Be2 d6 6. O-O Nc6 7. c4 Nh5 8. Bg5 h6 9. Bh4 g5 10. Nfd2 Nf4 11. exf4 gxh4 12. Nf3 h3 13. g3 Bg4 14. Nc3 Bxf3 15. Bxf3 Nxd4 16. Bg4 e5 17. f5 c6 18. Bxh3 Qb6 19. Rb1 Rad8 20. b4 d5 21. Qg4 Kh8 22. c5 Qc7 23. Ne2 Nxe2+ 24. Qxe2 Rfe8 25. Rfe1 e4 26. Qh5 Qe7 27. Bg2 Qf6 28. h4 Re5 29. Bh3 d4 30. g4 Bf8 31. g5 Qg7 32. Kh1 e3 33. fxe3 dxe3 34. Rb3 Rd2 35. f6 Qxf6 36. Rbxe3 Rxe3 37. Rxe3 Qa1+ 0-1

[Event "4NCL Online Division 3"]
[Site "online"]
[Date "2021.02.23"]
[EventDate "2021.02.23"]
[Round "3.52"]
[White "Pickup, Ian R"]
[WhiteElo "1790"]
[WhiteTeam "Downend 2"]
[Black "Naylor, Michael A"]
[BlackElo "1948"]
[BlackTeam "Ashfield Anonymous B"]
[Result "0-1"]
[PlyCount "62"]

1. e4 e5 2. Nf3 Nc6 3. Nc3 Nf6 4. d4 exd4 5. Nd5 Be7 6. Nxd4 O-O 7. Nf5 d6 8. Nfxe7+ Nxe7 9. Nxf6+ gxf6 10. Bh6 Re8 11. Be2 Ng6 12. Qd3 Qe7 13. f3 f5 14. O-O-O Qh4 15. Bd2 fxe4 16. Qc3 Be6 17. g3 Qe7 18. h4 Ne5 19. fxe4 Bg4 20. Rde1 Qe6 21. b3 a5 22. a4 c6 23. Qe3 Bxe2 24. Rxe2 b5 25. Qg5+ Qg6 26. Qxg6+ fxg6 27. axb5 cxb5 28. Rf1 a4 29. bxa4 Rxa4 30. Bc3 Ra3 31. Bb4 Ra1+ 0-1

[Event "4NCL Online Division 3"]
[Site "online"]
[Date "2021.02.23"]
[EventDate "2021.02.23"]
[Round "3.53"]
[White "Combie, Alex B"]
[WhiteElo "1926"]
[WhiteTeam "Ashfield Anonymous B"]
[Black "Walsh, Shaun"]
[BlackElo "1366"]
[BlackTeam "Downend 2"]
[Result "1-0"]
[PlyCount "63"]

1. d4 Nf6 2. c4 e6 3. g3 d5 4. Bg2 c6 5. Qc2 Be7 6. Nf3 Nbd7 7. O-O O-O 8. Nbd2 Re8 9. e4 dxe4 10. Nxe4 Nxe4 11. Qxe4 Nf6 12. Qc2 c5 13. Rd1 Qb6 14. b3 Rd8 15. Bb2 Bd7 16. Ne5 cxd4 17. Bxd4 Bc5 18. Bxc5 Qxc5 19. Nxd7 Nxd7 20. Bxb7 Rab8 21. Bg2 Nf6 22. Rxd8+ Rxd8 23. Rd1 Qb6 24. Rxd8+ Qxd8 25. c5 a5 26. a3 Nd7 27. b4 Qb8 28. Qc3 Qc7 29. h3 Nb8 30. b5 Nd7 31. c6 Nb8 32. Qc5 1-0